| 000 | 00859nam a22002897a 4500 | ||
|---|---|---|---|
| 003 | CHAP | ||
| 005 | 20220329135740.0 | ||
| 008 | 971013s1979 r 00010 d | ||
| 010 | _a41454 | ||
| 011 | _a42426 | ||
| 035 | _a46555 | ||
| 040 | _cCHAP | ||
| 082 |
_a633.112 _bM8 |
||
| 100 | 0 | 0 |
_aMuntzing, Ame. _979525 |
| 245 |
_aTriticale _b: results and problems |
||
| 260 |
_aBerlin : _bPaul Parey, _c1979 |
||
| 300 |
_a103 p. _b: ilus. ; gráfs |
||
| 490 |
_aAdvances in plant breeding _v; 10 |
||
| 590 |
_aBATCH-UPD _b10 _c20130110 _lUCH01 _h0050 |
||
| 590 |
_aBATCH-UPD _b10 _c20130110 _lUCH01 _h2242 |
||
| 590 |
_aCONVERSION _b10 _c20130109 _lUCH01 _h1323 |
||
| 650 | 1 | 4 |
_aTriticale. _9115195 |
| 830 | 0 |
_aAdvances in plant breeding _v; 10 _9996 |
|
| 901 | _aBK | ||
| 942 | _cLIBRO | ||
| 949 |
_a633.112 M8 _bBC _cLIBRO _d33724000193983 _eLIBRO _h57956 _i46555 _si |
||
| 999 |
_c41454 _d41454 |
||